Normal view
MARC view
- Corporation law
Entry Topical Term
001 - CONTROL NUMBER
- control field: 103197
003 - CONTROL NUMBER IDENTIFIER
- control field: NUST
005 - DATE AND TIME OF LATEST TRANSACTION
- control field: 20221120130711.0
008 - FIXED-LENGTH DATA ELEMENTS
- fixed length control field: 221120|| aca||aabn | a|a d
040 ## - CATALOGING SOURCE
- Original cataloging agency: NUST
- Transcribing agency: NUST
150 ## - HEADING--TOPICAL TERM
- Topical term or geographic name entry element: Corporation law
- Geographic subdivision: United States
670 ## - SOURCE DATA FOUND
- Source citation: Work cat.: (NUST)0: Cahn, Andreas, author. 103195, Comparative company law :
